000 00284nam a22001217a 4500
003 OSt
005 20260210141506.0
008 260210b |||||||| |||| 00| 0 eng d
040 _cUNESCO
082 _a303.483
_bUNE
245 _aGender Issues in the Information Society
942 _2ddc
_cBK
999 _c4149
_d4149